Location, location, location! Will the Channel Tunnel change your perspective. (Conference at RICS) 26-27 April 1990 (Record no. 93425)

MARC details
000 -LEADER
fixed length control field 00961cam a2200301 4500
001 - CONTROL NUMBER
control field B3123
008 - FIXED-LENGTH DATA ELEMENTS--GENERAL INFORMATION
fixed length control field 090401t1990 xxu||||| |||| 00| 0 eng d
035 ## - SYSTEM CONTROL NUMBER
System control number (Sirsi) u54121
041 ## - LANGUAGE CODE
Language code of text/sound track or separate title eng
050 ## - LIBRARY OF CONGRESS CALL NUMBER
Classification number 624.194094223
090 ## - LOCALLY ASSIGNED LC-TYPE CALL NUMBER (OCLC); LOCAL CALL NUMBER (RLIN)
Classification number (OCLC) (R) ; Classification number, CALL (RLIN) (NR) RICS 1990/31ABCD
110 ## - MAIN ENTRY--CORPORATE NAME
Corporate name or jurisdiction name as entry element Institution and College Conferences
9 (RLIN) 2330
245 ## - TITLE STATEMENT
Title Location, location, location! Will the Channel Tunnel change your perspective. (Conference at RICS) 26-27 April 1990
260 ## - PUBLICATION, DISTRIBUTION, ETC.
Name of publisher, distributor, etc. ICC
Date of publication, distribution, etc. 1990
300 ## - PHYSICAL DESCRIPTION
Extent 3 papers
350 ## - PRICE (NR) (BK AM CF MU VM SE) [OBSOLETE]
Price 9.95
520 ## - SUMMARY, ETC.
Summary, etc. Planning and Development Division. Papers by Bendixson,Terence , Roberts,Hugh and Turner,Elyot C. Conference sponsored by Weatherall Green and Smith.
650 ## - SUBJECT ADDED ENTRY--TOPICAL TERM
Topical term or geographic name entry element CHANNEL TUNNEL
650 ## - SUBJECT ADDED ENTRY--TOPICAL TERM
Topical term or geographic name entry element CONFERENCE
650 ## - SUBJECT ADDED ENTRY--TOPICAL TERM
Topical term or geographic name entry element EUROPE
650 ## - SUBJECT ADDED ENTRY--TOPICAL TERM
Topical term or geographic name entry element FRANCE
650 ## - SUBJECT ADDED ENTRY--TOPICAL TERM
Topical term or geographic name entry element NORD PAS-DE-CALAIS
650 ## - SUBJECT ADDED ENTRY--TOPICAL TERM
Topical term or geographic name entry element PLANNING
650 ## - SUBJECT ADDED ENTRY--TOPICAL TERM
Topical term or geographic name entry element ROYAL INSTITUTION OF CHARTERED SURVEYORS
650 ## - SUBJECT ADDED ENTRY--TOPICAL TERM
Topical term or geographic name entry element TRANSPORT
942 ## - ADDED ENTRY ELEMENTS (KOHA)
Suppress in OPAC 0
948 ## - LOCAL PROCESSING INFORMATION (OCLC); SERIES PART DESIGNATOR (RLIN)
c (OCLC) 04/03/1997
Holdings
Withdrawn status Lost status Source of classification or shelving scheme Damaged status Not for loan Home library Current library Shelving location Date acquired Cost, normal purchase price Total Checkouts Full call number Barcode Date last seen Copy number Cost, replacement price Price effective from Koha item type
    Dewey Decimal Classification     London London RICS Boxes 09/01/1992 9.95   RICS 1990/31 30023063 06/08/2019 1 9.95 06/08/2019 Archive
    Dewey Decimal Classification     London London RICS Boxes 20/08/1991 9.95   RICS 1990/31 30031491 06/08/2019 2 9.95 06/08/2019 Book
    Dewey Decimal Classification     London London RICS Boxes 20/08/1991 9.95   RICS 1990/31 30031602 06/08/2019 3 9.95 06/08/2019 Book
    Dewey Decimal Classification     London London RICS Boxes 20/08/1991 9.95   RICS 1990/31 30031606 06/08/2019 4 9.95 06/08/2019 Book
    Dewey Decimal Classification     London London RICS Boxes 20/08/1991 9.95   RICS 1990/31 30031610 06/08/2019 5 9.95 06/08/2019 Book
    Dewey Decimal Classification     London London RICS Boxes 20/08/1991 9.95   RICS 1990/31 30031611 06/08/2019 6 9.95 06/08/2019 Book
    Dewey Decimal Classification     London London RICS Boxes 20/08/1991 9.95   RICS 1990/31 30031619 06/08/2019 7 9.95 06/08/2019 Book
    Dewey Decimal Classification     London London RICS Boxes 20/08/1991 9.95   RICS 1990/31 30031623 06/08/2019 8 9.95 06/08/2019 Book
    Dewey Decimal Classification     London London RICS Boxes 20/08/1991 9.95   RICS 1990/31 30031627 06/08/2019 9 9.95 06/08/2019 Book
    Dewey Decimal Classification     London London RICS Boxes 20/08/1991 9.95   RICS 1990/31 30031631 06/08/2019 10 9.95 06/08/2019 Book